Генераторы высоковольтных наносекундных импульсов: проспект

Chi tiết về thư mục
Tác giả khác: Воробьев А. А. Александр Акимович, Месяц Г. А. Геннадий Андреевич, Усов Ю. П. Юрий Петрович, Коршунов Г. С., Хмыров В. В., Ковальчук В. М., Воробьёв П. А., Поталицын Ю. Ф.
Tóm tắt:В фонде НТБ ТПУ отсутствует
Ngôn ngữ:Tiếng Nga
Được phát hành: Томск, 1966
Những chủ đề:
Định dạng: MixedMaterials Sách
KOHA link:https://koha.lib.tpu.ru/cgi-bin/koha/opac-detail.pl?biblionumber=593760

MARC

LEADER 00000nam0a2200000 4500
001 593760
005 20231101131756.0
035 |a (RuTPU)RU\TPU\tpu\7470 
090 |a 593760 
100 |a 20011210d1966 k y0rusy50 ca 
101 0 |a rus 
102 |a RU 
105 |a a z 000|y 
200 1 |a Генераторы высоковольтных наносекундных импульсов  |e проспект  |f А. А. Воробьёв [и др.]  |g Томский политехнический ин-т 
210 |a Томск  |d 1966 
215 |a 1 с. 
333 |a В фонде НТБ ТПУ отсутствует 
610 1 |a ТПИ на ВДНХ 
610 1 |a труды учёных ТПУ 
610 1 |a проспекты 
701 1 |a Воробьев  |b А. А.  |c российский физик  |c ректор Томского политехнического института, профессор  |f 1909-1981  |g Александр Акимович  |x TPU  |2 stltpush  |3 (RuTPU)RU\TPU\pers\12805  |4 070 
701 1 |a Месяц  |b Г. А.  |c российский физик  |c академик, вице-президент РАН  |c выпускник Томского политехнического института  |f 1936-  |g Геннадий Андреевич  |x TPU  |2 stltpush  |3 (RuTPU)RU\TPU\pers\17099 
701 1 |a Усов  |b Ю. П.  |c российский ученый, электротехник  |c профессор Томского политехнического университета, доктор технических наук  |f 1937-  |g Юрий Петрович  |x TPU  |2 stltpush  |3 (RuTPU)RU\TPU\pers\19875 
701 1 |a Коршунов  |b Г. С. 
701 1 |a Хмыров  |b В. В. 
701 1 |a Ковальчук  |b В. М. 
701 1 |a Воробьёв  |b П. А. 
701 1 |a Поталицын  |b Ю. Ф. 
801 0 |a RU  |b 63413507  |c 20011210  |g PSBO 
801 2 |a RU  |b 63413507  |c 20111215  |g PSBO 
942 |c BK